<?xml version="1.0" encoding="UTF-8"?>
<record
    xmlns:xsi="http://www.w3.org/2001/XMLSchema-instance"
    xsi:schemaLocation="http://www.loc.gov/MARC21/slim http://www.loc.gov/standards/marcxml/schema/MARC21slim.xsd"
    xmlns="http://www.loc.gov/MARC21/slim">

  <leader>00690nam a22001817a 4500</leader>
  <controlfield tag="005">20240822142846.0</controlfield>
  <controlfield tag="008">240813b        |||||||| |||| 00| 0 eng d</controlfield>
  <datafield tag="020" ind1=" " ind2=" ">
    <subfield code="a">8170173191</subfield>
  </datafield>
  <datafield tag="041" ind1=" " ind2=" ">
    <subfield code="a">English</subfield>
  </datafield>
  <datafield tag="082" ind1=" " ind2=" ">
    <subfield code="a">746.44</subfield>
    <subfield code="b">GUP</subfield>
  </datafield>
  <datafield tag="100" ind1=" " ind2=" ">
    <subfield code="a">Gupta Charu Smita</subfield>
    <subfield code="9">208257</subfield>
  </datafield>
  <datafield tag="245" ind1=" " ind2=" ">
    <subfield code="a">Zardozi : Glittering Gold of Embroidery</subfield>
  </datafield>
  <datafield tag="260" ind1=" " ind2=" ">
    <subfield code="a">New Delhi</subfield>
    <subfield code="b">Abhinav Publications</subfield>
    <subfield code="c">1996</subfield>
  </datafield>
  <datafield tag="300" ind1=" " ind2=" ">
    <subfield code="a">244</subfield>
  </datafield>
  <datafield tag="520" ind1=" " ind2=" ">
    <subfield code="a">&#x2022;	Introduction
&#x2022;	Historical Development of the Craft
&#x2022;	Design &amp; Motifs: Forms on Fabric
&#x2022;	Technical Exposition: Design Ensemble
&#x2022;	Zardoz: A Social Retrospect in Shahajahanabad
&#x2022;	Karkhana: Production Synthesis

</subfield>
  </datafield>
  <datafield tag="650" ind1=" " ind2=" ">
    <subfield code="a">Embroidery</subfield>
    <subfield code="9">119869</subfield>
  </datafield>
  <datafield tag="942" ind1=" " ind2=" ">
    <subfield code="c">DB</subfield>
  </datafield>
  <datafield tag="999" ind1=" " ind2=" ">
    <subfield code="c">359491</subfield>
    <subfield code="d">359491</subfield>
  </datafield>
  <datafield tag="952" ind1=" " ind2=" ">
    <subfield code="0">0</subfield>
    <subfield code="1">0</subfield>
    <subfield code="2">ddc</subfield>
    <subfield code="4">0</subfield>
    <subfield code="7">1</subfield>
    <subfield code="a">SOFT</subfield>
    <subfield code="b">SOFT</subfield>
    <subfield code="d">2024-08-05</subfield>
    <subfield code="e">Usha Shrikant</subfield>
    <subfield code="g">2100.00</subfield>
    <subfield code="o">746.44 GUP</subfield>
    <subfield code="p">SOFT-BK-D165</subfield>
    <subfield code="r">2024-08-13 00:00:00</subfield>
    <subfield code="v">2100.00</subfield>
    <subfield code="y">DB</subfield>
    <subfield code="z">D165</subfield>
  </datafield>
</record>
